Ekonomika výživy praktikum

Enregistré dans:
Détails bibliographiques
Auteur principal: Pachingerová, Mária
Collectivité auteur: Vysoká škola ekonomická v Bratislave. Fakulta ekonomiky služieb a cestovného ruchu v Banskej Bystrici
Format: Livre
Langue:slovaque
Publié: Bratislava Vysoká škola ekonomická 1980
Tags: Ajouter un tag
Pas de tags, Soyez le premier à ajouter un tag!

MARC

LEADER 00000nam a2200000 4500
001 c119589
005 20230116103252.7
041 0 |a slo 
044 |a SK 
245 1 0 |a Ekonomika výživy  |b praktikum  |c Mária Pachingerová 
264 1 |a Bratislava  |b Vysoká škola ekonomická  |c 1980 
300 |a 84 s. 
100 1 |a Pachingerová, Mária 
710 2 |a Vysoká škola ekonomická v Bratislave. Fakulta ekonomiky služieb a cestovného ruchu v Banskej Bystrici